| 000 | 00585nam a2200193 a 4500 | ||
|---|---|---|---|
| 001 | 000000921 | ||
| 005 | 20200929145435.0 | ||
| 008 | 770829r19471924nyu 000 0cspa | ||
| 010 | _a 73173946 | ||
| 020 | _a0404049931 | ||
| 040 |
_aDO-SdBNP _bspa _cBNPHU |
||
| 082 |
_a946 _bP438g |
||
| 100 | 1 |
_aPérez de Guzmán, Fernán, _d1376?-1460? _93259 |
|
| 245 | 1 | 0 |
_aGeneraciones y semblanzas / _cFernán Pérez de Guzmán. |
| 260 |
_aArgentina : _bEspasa - Calpe. S.A., _c1947. |
||
| 300 |
_a145, [11] p. ; _c19 cm. |
||
| 500 | _aColección Austral | ||
| 651 | 4 |
_aEspaña _vBIOGRAFÍA. _93260 |
|
| 999 |
_c912 _d912 |
||